Multikulturalizmus a náboženstvo v Európskej únii a na Slovensku diplomová práca

Na minha lista:
Detalhes bibliográficos
Autor principal: Forgács, Juraj
Autor Corporativo: Fakulta medzinárodných vzťahov EU. Katedra medzinárodných politických vzťahov
Outros Autores: Márton, Milan
Formato: Livro
Idioma:eslovaco
Publicado em: Bratislava 2008
Tags: Adicionar Tag
Sem tags, seja o primeiro a adicionar uma tag!

MARC

LEADER 00000nam$a2200000$$$4500
001 0087493
005 20240201115728.7
041 0 |a slo 
044 |a SK 
245 1 0 |a Multikulturalizmus a náboženstvo v Európskej únii a na Slovensku  |b diplomová práca  |c Juraj Forgács ; škol. Milan Márton 
264 1 |a Bratislava  |c 2008 
300 |a 68 s. 
100 1 |a Forgács, Juraj 
700 1 |a Márton, Milan 
710 2 |a Fakulta medzinárodných vzťahov EU. Katedra medzinárodných politických vzťahov